000 01052cam a2200325 a 4500
999 _c2397
_d2397
001 626331
003 INLPI
005 20230508090144.0
008 040301s2004 enka j 000 f eng d
020 _a9780007173143 (pbk.)
040 _dNLPI
_dKH8
_beng
_eaacr2
_cUT
042 _anbic
082 0 _a813.54 SEU
100 1 _aSeuss,
_cDr.
_eAuthor
245 1 0 _aYertle the Turtle and other stories
_h[Children's book] /
_cby Dr. Seuss.
260 _aLondon :
_bHarperCollins Children's,
_c2004.
300 _a1 volume :
_bchiefly col. ill. ;
_c23 cm.
490 1 _aDr. Seuss.
490 1 _aYellow back books.
500 _aOriginally published in the UK : 1963.
505 0 0 _tYertle the Turtle --
_tGertrude McFuzz --
_tThe big brag.
650 0 _aTurtles
_vPictorial works
_vJuvenile fiction.
650 0 _aChildren's stories, American.
655 0 _aChildren's stories.
700 1 _aSeuss,
_cDr.
_tGertrude McFuzz.
_eAuthor
700 1 _aSeuss,
_cDr.
_tBig brag.
830 0 _aDr. Seuss.
830 0 _aYellow back books.
942 _2ddc
_cNFIC